English For Bank Exams RBI, SBI, IBPS, IBPS-RRBs & Other Banks Clerk, PO/MT/SO/ (Record no. 192855)

MARC details
000 -LEADER
fixed length control field 02095nam a22001697a 4500
005 - DATE AND TIME OF LATEST TRANSACTION
control field 20221007105723.0
010 ## - LCCN (DPL NO)
LC control number ENG-135332
020 ## - INTERNATIONAL STANDARD BOOK NUMBER
International Standard Book Number 9789353381219
Terms of availability 350.00
035 ## - SYSTEM CONTROL NUMBER
System control number EN-118864
037 ## - SOURCE OF ACQUISITION
Source of stock number/acquisition DBAD/PUB
082 ## - DEWEY DECIMAL CLASSIFICATION NUMBER
Classification number 480
245 ## - TITLE STATEMENT
Title English For Bank Exams RBI, SBI, IBPS, IBPS-RRBs & Other Banks Clerk, PO/MT/SO/
260 ## - PUBLICATION, DISTRIBUTION, ETC. (IMPRINT)
Place of publication, distribution, etc New Delhi
Name of publisher, distributor, etc S.Chand and Company Limited
Date of publication, distribution, etc 2019
270 ## - ADDRESS
Address 7361, Ram Nagar, Qutab Road
City New Delhi
Postal code 110055
Electronic mail address info@schandpublishing.com
300 ## - PHYSICAL DESCRIPTION
Extent 460p.
Dimensions 27cm(pbk)
942 ## - ADDED ENTRY ELEMENTS (KOHA)
Source of classification or shelving scheme Dewey Decimal Classification
Item type English Books
Call number suffix ENG
Classification part 480
Holdings
Withdrawn status Lost status Not for loan Collection code Home library Current library Date acquired Source of acquisition Cost, normal purchase price Full call number Barcode Copy number Cost, replacement price Koha item type
      Non-fiction Community Library Lodhi Road Community Library Lodhi Road 07/10/2022 DBAD/PUB 350.00 480 ENG EN-118864 1 350.00 English Books

© Delhi Public Library
Hit Counter
free hit counter